| Поле | Название | Значение |
| |
Тип записи |
i |
| |
Библиографический уровень |
m |
| 001 |
Контрольный номер |
RU/IS/BASE/555674298 |
| 005 |
Дата корректировки |
20250217113908.2 |
| 010 |
Индекс ISBN |
__ |
| d |
Цена |
350-46; 447-36 |
| 100 |
Данные общей обработки |
__ |
| a |
Данные общей обработки |
19170810d2015||||||| 0rusy0189 ca |
| 101 |
Язык документа |
1_ |
| a |
Язык текста |
rus |
| c |
Язык оригинала |
nnn |
| 102 |
Страна публикации |
__ |
| a |
Страна публикации |
RU| |
| 105 |
Кодированные данные (монография) |
__ |
| a |
Кодированные данные (монография) |
nn|||||||f|zy |
| 127 |
Кодированные данные (звукозаписи-физические характеристики) |
__ |
| a |
Продолжительность проигрывания |
23 ч 40 мин |
| 200 |
Заглавие и сведения об ответственности |
1_ |
| a |
Заглавие |
Доктор Сон |
| e |
Сведения, относящиеся к заглавию |
[роман : аудиокнига : 16+] |
| f |
Первые сведения об ответственности |
Стивен Кинг ; [перевод И. Л. Моничева ; читает А. Багдасаров] |
| b |
Общее обозначение материала |
Звукозапись |
| 210 |
Выходные данные |
1_ |
| a |
Место издания |
Москва |
| c |
Издательство |
АСТ |
| c |
Издательство |
Аудиокнига |
| d |
Дата издания |
2015 |
| 215 |
Физическое описание |
__ |
| a |
Объем |
2 электрон. опт. диска (Audio CD) |
| c |
Иллюстрации/тип воспроизводства |
mp3 |
| d |
Формат |
12х14 см |
| 230 |
Специфическая характеристика материала: электронные ресурсы |
__ |
| a |
Обозначение и объем ресурса |
Электронные звуковые данные |
| 300 |
Общие примечания |
__ |
| a |
Общие примечания |
Заглавие с этикетки диска |
| 323 |
Примечание о главных создателях, исполнителях, участниках |
__ |
| a |
Примечание о главных создателях, исполнителях, участниках |
Багдасаров, А. (читает) |
| 330 |
Аннотация |
__ |
| a |
Аннотация |
Дэнни Торранс, сын писателя, уничтоженного темными силами отеля "Оверлук", до сих пор тяготится своим необычайным даром. Ведь способность "сиять" вновь и вновь напоминает ему о трагических событиях, пережитых в детстве и едва не сломавших ему жизнь. На плаву Дэнни поддерживает лишь работа в хосписе, где его способности помогают облегчить пациентам мучительную боль. Но однажды к Дэну приходит двенадцатилетняя девочка Абра, которая излучает "сияние" невероятной, немыслимой силы. И девочке этой угрожает смертельная опасность - на нее объявлена настоящая охота. Дэн Торранс - единственный, кто может ее спасти... |
| 333 |
Примечание о целевом назначении |
__ |
| a |
Примечание о целевом назначении |
16+. Для детей старше 16 лет |
| 337 |
Примечание о системных требованиях (электронные ресурсы) |
__ |
| a |
Примечание о системных требованиях (электронные ресурсы) |
Системные требования: CD-плеер с поддержкой MP3 ; Pentium-233 с Windows 9x-XP ; CD-ROM ; звуковая карта |
| 606 |
Тематические рубрики |
__ |
| a |
Основная рубрика |
Художественная литература |
| 606 |
Тематические рубрики |
__ |
| a |
Основная рубрика |
Литература Америки (произведения) |
| y |
Географическая подрубрика |
США |
| 610 |
Ключевые слова |
0_ |
| a |
Ключевые слова |
американская литература |
| a |
Ключевые слова |
зарубежная литература |
| a |
Ключевые слова |
иностранная литература |
| a |
Ключевые слова |
романы |
| a |
Ключевые слова |
тема маньяков |
| a |
Ключевые слова |
тема мистики |
| a |
Ключевые слова |
тема преступлений |
| a |
Ключевые слова |
тема противостояния |
| a |
Ключевые слова |
тема расследований |
| a |
Ключевые слова |
тема сверхспособностей |
| a |
Ключевые слова |
тема ужасов |
| a |
Ключевые слова |
триллеры |
| 686 |
Индексы других классификаций |
__ |
| 2 |
Код системы |
rubbks |
| a |
Классификационный индекс |
84(7Сое)6-445я04 |
| 700 |
Автор |
_1 |
| a |
Фамилия |
Кинг |
| b |
Имя |
С. |
| f |
Даты |
1947- |
| g |
Полное личное имя |
Стивен |
| 4 |
Код отношения |
070 |
| 702 |
Вторичная интеллектуальная ответственность |
_1 |
| a |
Фамилия |
Моничев |
| b |
Имя |
И. Л. |
| 4 |
Код отношения |
Переводчик |
| 4 |
Код отношения |
730 |
| 801 |
Источник записи |
_0 |
| a |
Страна |
RU |
| b |
Организация |
Муниципальное бюджетное учреждение культуры "Централизованная библиотечная система" г. Сургут (Центральная городская библиотека им. А. С. Пушкина) |
| c |
Дата составления |
20170810 |
| g |
Правила каталогизации |
КиК/Апакова |
| 801 |
Источник записи |
_1 |
| a |
Страна |
RU |
| b |
Организация |
Муниципальное бюджетное учреждение культуры "Централизованная библиотечная система" г. Сургут (Центральная городская библиотека им. А. С. Пушкина) |
| c |
Дата составления |
20170810 |
| g |
Правила каталогизации |
КиК/Апакова |
| 852 |
Данные о местонахождении |
__ |
| j |
Шифр хранения |
84(7Сое)6-445я04 |
| i |
Авторский знак |
К 41 |
| 901 |
Тип документа |
__ |
| t |
Тип документа |
0 |
| 903 |
Характеристики (МАРС) |
__ |
| a |
Дата передачи |
20170810 |
| 969 |
Тип издания |
__ |
| a |
Тип издания |
аудиокнига; издание для слепых |
| 990 |
Данные о заказе (DOS) |
__ |
| j |
Количество экземпляров (DOS) |
4 |
| t |
N записи в КСУ для И/У (DOS) |
201708 |